000 01258nam a2200301 i 4500
003 EG-GICUC
005 20260121101325.0
008 251119s1968 ua ||||fr|||| 00| 0 ara d
040 _a EG-GICUC
_bara
_c EG-GICUC
_d EG-GICUC
_erda
041 0 _aara
082 0 4 _221
_a345.1
_bث ر . م
092 0 4 _221
099 _aLaw1 07 345.1 ث ر . م 1968
100 0 _aثروت بدوي
_eمؤلف.
245 1 0 _aمبادئ القانون الإداري.
_nالمجلد الأول،
_pأصول القانون الإداري و أسسه و خصائصه /
_cدكتور ثروت بدوي.
264 1 _aالقاهرة :
_bدار النهضة العربية،
_c1986.
300 _a282 ؛صفحة
_c24 سم.
_bإيضاحيات، صور، مثيليات ؛
336 _2rda content
_atext
337 _2rda media
_aComputer
338 _2rda carrier
_aOnline Resource
504 _aيشتمل علي إرجاعات ببليوجرافية.
546 _aالنص أغلبه باللغة العربية بعض النصوص الإنجليزية والفرنسية
650 1 4 _aالقانون الإداري
_2qrmak
651 1 _2qrmak
856 4 0 _uhttps://fll.law.cu.edu.eg/fulltext/bks/B07-00782.pdf
905 _a32
_eYara
942 _2ddc
_n0
_cBK
_e21
999 _c44946
_d44946